Statistieken voor Buurlanden van landen

Klik hier om de quiz te nemen!

Algemene statistieken

  • Deze quiz is 78 keer genomen
  • De gemiddelde score is 15 van 20

Antwoordstatistieken

BuurlandenLand% Correct
Turkmenistan, Oezbekistan, Tadzjikistan, Iran, Pakistan, ChinaAfghanistan
100%
Rusland, Georgië, Armenië, IranAzerbeidzjan
100%
Peru, Brazilië, Paraguay, Argentinië, ChiliBolivia
100%
Thailland, Laos, VietnamCambodja
100%
Nicaragua, PanamaCosta Rica
100%
DuitslandDenemarken
100%
HaïtiDominicaanse republiek
100%
Nederland, België, Luxemburg, Frankrijk, Zwitserland, Oostenrijk, Polen, TsjechiëDuitsland
100%
Letland, RuslandEstland
100%
Zuid-Soedan, Soedan, Eritrea, Djibouti, Somalië, KeniaEthiopië
100%
Noorwegen, Zweden, RuslandFinland
100%
Spanje, Andorra, Monaco, Italië, Zwitserland, Duitsland, België, LuxemburgFrankrijk
100%
SenegalGambia
100%
Albanië, Noord-Macedonië, Bulgarije, TurkijeGriekenland
100%
Dominicaanse RepubliekHaïti
100%
Guatemala, El Salvador, NicaraguaHonduras
100%
Verenigd KoninkrijkIerland
100%
Oost-Timor, Papoe-Nieuw-Guinea, MaleisiëIndonesië
100%
Frankrijk, Zwitserland, San Marino, Vaticaanstad, Oostenrijk, SloveniëItalië
100%
Rusland, Oezbekistan, Turkmenistan, Kirgizië, ChinaKazachstan
100%
Irak, Saoedi ArabiëKoeweit
100%
Estland, Rusland, Litouwen, BelarusLetland
100%
Syrië, IsraëlLibanon
100%
Sierra Leone, Guinee, IvoorkustLiberia
100%
Zwitserland, OostenrijkLiechtenstein
100%
Polen, Belarus, LetlandLitouwen
100%
Thailand, Singapore, BruneiMaleisië
100%
AlgerijeMarokko
100%
Oekraïne, RoemeniëMoldavië
100%
FrankrijkMonaco
100%
eSwatini, Zuid-Afrika, Zimbabwe, Zambia, Malawi, TanzaniaMozambique
100%
China, IndiaNepal
100%
Honduras, Costa RicaNicaragua
100%
Griekenland, Albanië, Kosovo, Bulgarije, ServiëNoord-Macedonië
100%
Zweden, Finland, RuslandNoorwegen
100%
Jemen, Saoedi-Arabië, Verenigde Arabische EmiratenOman
100%
Bolivia, Brazilië, ArgentiniëParaguay
100%
SpanjePortugal
100%
Servië, Hongarije, Oekraïne, Moldavië, BulgarijeRoemenië
100%
Jordanië, Irak, Koeweit, Jemen, Oman, Verenigde Arabische Emiraten, QatarSaoedi-Arabië
100%
Guinee, LiberiaSierra Leone
100%
MaleisiëSingapore
100%
Italië, Oostenrijk, Hongarije, KroatiëSlovenië
100%
Djibouti, Ethiopië, KeniaSomalië
100%
Potugal, Andorra, FrankrijkSpanje
100%
Guyana, BraziliëSuriname
100%
Kirgizië, Oezbekistan, Afghanistan, ChinaTadzjikistan
100%
Kenia, Oeganda, Rwanda, Burundi, Zambia, Malawi, MozambiqueTanzania
100%
Maleisië, Myanmar, Laos, CambodjaThailand
100%
Ghana, Burkina Faso, BeninTogo
100%
Algerije, LibiëTunesië
100%
Griekenland, Bulgarije, Georgië, Armenië, Syrië, Irak, IranTurkije
100%
Argentinië, BraziliëUruguay
100%
ItaliëVaticaanstad
100%
IerlandVerenigd Koninkrijk
100%
Zuid-Afrika, Botswana, Zambia, MozambiqueZimbabwe
100%
Noord-KoreaZuid-Korea
100%
Noorwegen, FinlandZweden
100%
Albanië, Montenegro, Servië, Noord-MacedoniëKosovo
83%
Spanje, FrankrijkAndorra
75%
Argentinië, Peru, BoliviaChili
75%
Kazachstan, Rusland, Mongolië, Noord-Korea, Kirgizië, Tadzjikistan, Afghanistan, Pakistan, India, Nepal, Bhutan, Myanmar, Laos, VietnamChina
75%
Oostenrijk, Slowakije, Oekraïne, Roemenië, Servië, Kroatië, SloveniëHongarije
75%
Syrië, Turkije, Iran, Koeweit, Jordanië, Saoedi-ArabiëIrak
75%
Saoedi-Arabië, OmanJemen
75%
Rwanda, Tanzania, Kenia, Zuid-Soedan, CongoOeganda
75%
Bosnië en Herzegovina, Kroatie, Hongarije, Roemenië, Bulgarije, Montenegro, Kosovo, Noord-MacedoniëServië
75%
Nederland, Duitsland, Frankrijk, LuxemburgBelgië
67%
Verenigde StatenCanada
67%
Kameroen, Tsjaad, Soedan, Zuid-Soedan, Congo, Congo-BrazavilleCentraal-Afrikaanse Republiek
67%
Centraal Afrikaanse Republiek, Zuid Soedan, Oeganda, Rwanda, Burundi, Zambia, Angola, Congo-BrazavilleCongo
67%
Guatemala, HondurasEl salvador
67%
Rusland, Turkije, Armenië, AzerbeidzjanGeorgië
67%
Mexico, Belize, El Salvador, HondurasGuatemala
67%
Slovenië, Hongarije, Servië, Bosnië en HerzegovinaKroatië
67%
Frankrijk, België, DuitslandLuxemburg
67%
Rusland, ChinaMongolië
67%
Costa Rica, ColombiaPanama
67%
Duitsland, Tsjechië, Slowakije, Oekraïne, Belarus, LitouwenPolen
67%
Saoedi-ArabiëQatar
67%
Noorwegen, Finland, Estland, Letland, Belarus, Oekraïne, Georgië, Azerbeidzjan, Kazachstan, Mongolië, China, Noord-KoreaRusland
67%
ItaliëSan Marino
67%
Libanon, Irak, Turkije, Jordanië, IsraëlSyrië
67%
Colombia, Brazilië, GuyanaVenezuela
67%
Turkije, Griekenland, Roemenië, Servië, Noord-MacedoniëBulgarije
60%
IndonesiëOost-Timor
57%
Mexico, GuatemalaBelize
50%
Togo, Burkina Faso, Niger, NigeriaBenin
50%
China, IndiaBhutan
50%
Namibië, Zambië, Zimbabwe, Zuid-AfrikaBotswana
50%
Uruguay, Argentinië, Paraguay, Bolivia, Peru, Colombia, Venezuela, Guyana, SurinameBrazilië
50%
MaleisiëBrunei
50%
Mali, Niger, Ivoorkust, Ghana, Togo, BeninBurkina Faso
50%
Rwanda, Tanzania, CongoBurundi
50%
Eritrea, Somalië, EthiopiëDjibouti
50%
Ivoorkust, Burkina Faso, TogoGhana
50%
Senegal, GuineeGuinee-Bissau
50%
Israël, Syrië, Irak, Soedi-ArabiëJordanië
50%
Zuid-AfrikaLesotho
50%
Tunesië, Algerije, Niger, Tsjaad, Soedan, EgypteLibië
50%
Zambia, Tanzania, MozambiqueMalawi
50%
Verenigde staten, Guatemala, BelizeMexico
50%
Mali, Algerije, Libië, Tsjaad, Nigeria, Benin, Burkina FasoNiger
50%
China, Rusland, Zuid-KoreaNoord-Korea
50%
Kazachstan, Turkmenistan, Afghanistan, Tadzjikistan, KirgiziëOezbekistan
50%
Duitsland, Tsjechië, Slowakije, Hongarije, Slovenië, Italië, Zwitserland, LiechtensteinOostenrijk
50%
Oeganda, Congo, Burundi, TanzaniaRwanda
50%
Oostenrijk, Tsjechië, Polen, Oekraïne, HongarijeSlowakije
50%
Saoedi-Arabië, OmanVerenigde Arabische Emiraten
50%
Frankrijk, Duitsland, Liechtenstein, Oostenrijk, ItaliëZwitserland
50%
Chili, Bolivia, ParaguayArgentinië
33%
Kroatië, Servië, MontenegroBosnië en Herzegovina
33%
Bangladesh, India, China, ThailandMyanmar
33%
Duitsland, BelgiëNederland
33%
Nigeria, Niger, Libië, Soedan, Kameroen, Centraal Afrikaanse RepubliekTsjaad
33%
Angola, Zambia, Botswana, Zuid-AfrikaNamibië
29%
Liberia, Guinee, Mali, Ivoorkust, GhanaIvoorkust
25%
Iran, Afghanistan, China, IndiaPakistan
25%
Gabon, Kameroen, Centraal Afrikaanse Republiek, CongoCongo-Brazaville
14%
Montenegro, Kosovo, Noord-Macedonië, GriekenlandAlbanië
0%
Marokko, Tunesië, Mauritanië, Mali, Niger, LibiëAlgerije
0%
Congo, Zambia, NamibiëAngola
0%
Turkije, Georgië, Azerbeidzjan, IranArmenië
0%
India, MyanmarBangladesh
0%
Panama, Venezuela, Ecuador, Peru, BraziliëColombia
0%
Peru, ColombiaEcuador
0%
Libië, Soedan, IsraëlEgypte
0%
Kameroen, GabonEquatoriaal Guinea
0%
Soedan, Ethiopië, DjiboutiEritrea
0%
Congo-Brazaville, Kameroen, Equatoriaal-GuineaGabon
0%
Guinee-Bissau, Senegal, Mali, Sierra Leone, Liberia, IvoorkustGuinee
0%
Venezuela, Brazilië, SurinameGuyana
0%
Pakistan, China, Nepal, Bhutan, Bangladesh, MyanmarIndia
0%
Turkije, Armenië, Azerbeidzjan, Turkmenistan, Afghanistan, PakistanIran
0%
Egypte, Jordanië, Syrië, LibanonIsraël
0%
Nigeria, Tsjaad, Centraal Afrikaanse Republiek, Equatoriaal-Guinea, Gabon, Congo-BrazavilleKameroen
0%
Somalië, Ethiopië, Zuid-Soedan, Oeganda, TanzaniaKenia
0%
Kazachstan, China, Oezbekistan, TadzjikistanKirgizië
0%
Thailand, Myanmar, China, Cambodja, VietnamLaos
0%
Mauritanië, Algerije, Niger, Burkina Faso, Senegal, Guinee, IvoorkustMali
0%
Senegal, Mali, AlgerijeMauritanië
0%
Albanië, Kosovo, Servië, Bosnië en HerzegovinaMontenegro
0%
Niger, Tsjaad, Kameroen, BeninNigeria
0%
Rusland, Belarus, Moldavië, Roemenië, Hongarije, SlowakijeOekraïne
0%
IndonesiëPapoe-Nieuw-Guinea
0%
Ecuador, Colombia, Brazilië, Bolivia, ChiliPeru
0%
Gambia, Guinee-Bissau, Guinee, Mali, MauritaniëSenegal
0%
Egypte, Libië, Tsjaad, Centraal Afrikaanse Republiek, Zuid-Soedan, Ethiopië, EritreaSoedan
0%
Zuid-Afrika, MozambiqueSwaziland, eSwatini
0%
Duitsland, Polen, Oostenrijk, SlowakijeTsjechië
0%
Kazachstan, Oezbekistan, Iran, AfghanistanTurkmenistan
0%
Canada, MexicoVerenigde staten
0%
China, Laos, CambodjaVietnam
0%
Polen, Litouwen, Letland, Rusland, OekraïneWit-Rusland, Belarus
0%
Congo, Angola, Namibië, Zimbabwe, Mozambique, Malawi, Tanzania, BotswanaZambia
0%
Namibië, Botswana, Zimbabwe, Mozambique, Lesotho, eSwatiniZuid-Afrika
0%
Soedan, Ethiopië, Kenia, Oeganda, Congo, Centraal Afrikaanse RepubliekZuid-Soedan
0%

Scoreverdeling

Percentiel versus Aantal Correcte Antwoorden

Procent van Mensen met Elke Score

Uw Scoregeschiedenis

U heeft deze quiz nog niet genomen